00273nam a2200109Ia 4500008004100000041000800041082001000049100002200059245003100081260004300112300000800155231107s2004 xx 000 0 und d aeng a696.1 aMcConnell Charles aThe Home Plumbing Handbook aNew YorkbDelmar Publishers Inc.c2004 a173